Výpočet bežného netto poistného pre zmiešané poistenie s rôznou dĺžkou trvania poistenia pomocou MS Excelu a Prophetu
Zmiešané poistenie. Kapitálové životné poistenie a investičné životné poistenie. Ocenenie zmiešaného poistenia s rôznou dĺžkou trvania. Ocenenie zmiešaného poistenia pomocou MS Excelu. Ocenenie zmiešaného poistenia pomocou Prophetu.
Saved in:
| Main Author: | |
|---|---|
| Other Authors: | |
| Format: | Book Chapter |
| Language: | Slovak |
| Subjects: | |
| Tags: |
No Tags, Be the first to tag this record!
|
MARC
| LEADER | 00000nla a2200000 4500 | ||
|---|---|---|---|
| 001 | 0246771 | ||
| 005 | 20240502073947.0 | ||
| 041 | 0 | |a slo | |
| 044 | |a SK | ||
| 245 | 1 | 0 | |a Výpočet bežného netto poistného pre zmiešané poistenie s rôznou dĺžkou trvania poistenia pomocou MS Excelu a Prophetu |c Katarína Sakálová, Ingrid Ondrejková Krčová |
| 520 | |a Zmiešané poistenie. Kapitálové životné poistenie a investičné životné poistenie. Ocenenie zmiešaného poistenia s rôznou dĺžkou trvania. Ocenenie zmiešaného poistenia pomocou MS Excelu. Ocenenie zmiešaného poistenia pomocou Prophetu. | ||
| 610 | 2 | 0 | |a poistenie životné |
| 610 | 2 | 0 | |a poistenie životné investičné |
| 610 | 2 | 0 | |a matematika poistná |
| 610 | 2 | 0 | |a poistné |
| 610 | 2 | 0 | |a poistníci |
| 610 | 2 | 0 | |a softvér |
| 100 | 1 | |a Sakálová, Katarína, 1955- | |
| 700 | 1 | |a Ondrejková Krčová, Ingrid, 1969- | |